000 00214 a2200097 4500
001 14850
100 _aTroeller G
245 _aThe birth of Saudi Arabia
260 _aLondon
_bFrank Cass
_c
090 _c11621
_d11621
942 _aNUST-CAE
_cM
_c1805
999 _c249923
_d249923